ՀՀ Գիտությունների ազգային ակադեմիայի հիմնարար գիտական գրադարան  =   Fundamental Scientific Library of NAS RA

Грозой мощенные дороги : (Record no. 262247)

MARC details
000 -LEADER
fixed length control field 01100nam a2200217 a 4500
001 - CONTROL NUMBER
control field 000708823
003 - CONTROL NUMBER IDENTIFIER
control field AM-YeHGA
005 - DATE AND TIME OF LATEST TRANSACTION
control field 20250617142708.0
008 - FIXED-LENGTH DATA ELEMENTS--GENERAL INFORMATION
fixed length control field 100122s1985 ||| r 000 0 rus d
040 ## - CATALOGING SOURCE
Original cataloging agency AM-YeHGA
041 0# - LANGUAGE CODE
Language code of text/sound track or separate title rus
090 ## - LOCALLY ASSIGNED LC-TYPE CALL NUMBER (OCLC); LOCAL CALL NUMBER (RLIN)
-- 263869
100 1# - MAIN ENTRY--PERSONAL NAME
Personal name Бочкарев, Борис Иванович
245 10 - TITLE STATEMENT
Title Грозой мощенные дороги :
Remainder of title Повесть о Петре Войкове, большевистском комиссаре с чрезвычайными полномочиями /
Statement of responsibility, etc. Борис Бочкарев.
260 ## - PUBLICATION, DISTRIBUTION, ETC.
Place of publication, distribution, etc. Москва :
Name of publisher, distributor, etc. Политиздат,
Date of publication, distribution, etc. 1985.
300 ## - PHYSICAL DESCRIPTION
Extent 158 с. :
Other physical details ил.
650 14 - SUBJECT ADDED ENTRY--TOPICAL TERM
Topical term or geographic name entry element Войков, Петр Лазаревич
653 0# - INDEX TERM--UNCONTROLLED
Uncontrolled term КПСС - История - Биографии
653 0# - INDEX TERM--UNCONTROLLED
Uncontrolled term Материально-техническое снабжение в период гражданской войны в СССР, 1918-1920 гг. - Урал
653 0# - INDEX TERM--UNCONTROLLED
Uncontrolled term Продовольственное снабжение в период гражданской войны в СССР, 1918-1920 гг. - Урал
Holdings
Withdrawn status Lost status Damaged status Not for loan Collection Home library Current library Date acquired Cost, normal purchase price Total checkouts Full call number Barcode Date last seen Price effective from Koha item type Public note
        General Fundamental Scientific Library Fundamental Scientific Library 29/12/2016 7000.00   PII/541054 FL0155615 29/12/2016 29/12/2016 Գրքեր / Books 30 Days Loan
        General Fundamental Scientific Library Fundamental Scientific Library 29/12/2016     PII/548632 FL0141760 29/12/2016 29/12/2016 Գրքեր / Books 30 Days Loan


ՀՀ ԳԱԱ հիմնարար գիտական գրադարան
ՀՀ,Երևան 0019
Մարշալ Բաղրամյան 24/6
հեռախոս:(374-10) 52-47-50
Հետադարձ կապ

All site content, except where otherwise noted, is licensed under a
Creative Commons License